Mapy Polski za panowania jej władców - Statystyki

Ogólne statystyki
  • Ten quiz został rozwiązany 3 140 razy
  • Średni wynik to 7 z 10
Statystyki odpowiedzi
Obrazkowy Odpowiedź % Poprawnych
Bolesław I Chrobry
91%
Kazimierz III Wielki
82%
Ignacy Mościcki +2
76%
Mieszko I
75%
Władysław III Jagiełło
74%
Stanisław August Poniatowski
70%
Władysław I Łokietek
63%
Jan III Sobieski +1
58%
Zygmunt III Waza
57%
Hans Frank (+1)
32%
Nie znaleziono quizów pasujących do podanych kryteriów
Rozkład punktacji
Procent ludzi z każdym wynikiem
Percentyl według liczby udzielonych odpowiedzi
Twoja historia wyników
Nie rozwiązałeś tego quizu